Systém hodnôt podľa Schwartza
Systém hodnôt podľa Schwartza a jeho aplikácia pri prieskume medzi študentmi Obchodnej fakulty Ekonomickej univerzity v Bratislave.
Na minha lista:
| Autor principal: | |
|---|---|
| Formato: | Capítulo de Livro |
| Idioma: | eslovaco |
| Assuntos: | |
| Tags: |
Sem tags, seja o primeiro a adicionar uma tag!
|
MARC
| LEADER | 00000nla a2200000 4500 | ||
|---|---|---|---|
| 001 | 0179901 | ||
| 005 | 20240502073047.1 | ||
| 041 | 0 | |a slo | |
| 044 | |a SK | ||
| 245 | 1 | 0 | |a Systém hodnôt podľa Schwartza |c Dana Vokounová |
| 520 | |a Systém hodnôt podľa Schwartza a jeho aplikácia pri prieskume medzi študentmi Obchodnej fakulty Ekonomickej univerzity v Bratislave. | ||
| 610 | 2 | 0 | |a hodnota |
| 610 | 2 | 0 | |a študenti |
| 610 | 2 | 0 | |a motivácia |
| 610 | 2 | 0 | |a emócie |
| 610 | 2 | 0 | |a prieskum |
| 610 | 2 | 0 | |a univerzity |
| 100 | 1 | |a Vokounová, Dana, 1962- | |